[Event "Big Slow Lazy Tourney -  Italian Style"]
[Site "SchemingMind.com"]
[Date "2019.11.14"]
[Round "-"]
[White "Phillip Beckett"]
[Black "Uzi Mike"]
[Result "0-1"]
[WhiteCountry "ENG"]
[BlackCountry "USA"]
[WhiteElo "1515"]
[WhiteRD "52"]
[BlackElo "2312"]
[BlackRD "88"]
[GameID "447824"]

1. e4 e5 2. Nf3 Nc6 3. Bc4 Be7 4. O-O Nf6 5. Ng5 O-O 6. d3 d5 7. exd5 Nxd5 8. Bxd5 Qxd5 9. Nf3 Bg4 10. Nbd2 f5
11. h3 Bh5 12. Qe1 Rad8 13. Kh2 Nb4 14. Qd1 e4 15. dxe4 fxe4 16. Nxe4 Qxd1 17. Rxd1 Rxd1
0-1

[Event "Big Slow Lazy Tourney -  Italian Style"]
[Site "SchemingMind.com"]
[Date "2019.12.19"]
[Round "-"]
[White "Phillip Beckett"]
[Black "Kenny Elliott"]
[Result "0-1"]
[WhiteCountry "ENG"]
[BlackCountry "USA"]
[WhiteElo "1533"]
[WhiteRD "50"]
[BlackElo "1629"]
[BlackRD "68"]
[GameID "449361"]

1. e4 e5 2. Nf3 Nc6 3. Bc4 Be7 4. O-O Nf6 5. c3 Nxe4 6. Qe2 Nd6 7. Bb3 e4 8. Nd4 Nxd4 9. cxd4 O-O 10. Nc3 Bf6
11. d3 exd3 12. Qxd3 b6 13. Bf4 Be7 14. Rad1 Bb7 15. Rfe1 Re8 16. d5 Qc8 17. Bxd6 Bxd6 18. Qd2 a5 19. Rxe8+ Qxe8 20. Re1 Qc8
21. Ne4 Bb4 22. Qf4 h6 23. Qg4 Qd8 24. Rd1 a4 25. Bc2 Be7 26. Qf5 g6 27. Qe5 d6 28. Qf4 Kh7 29. Ng3 f5 30. Nxf5 Bg5
31. Qg4 Qf6 32. Ne3 Bc8 33. Qd4 Qf7 34. Ng4 Bxg4 35. f3 Bxf3 36. gxf3 Qxf3 37. Rf1 Be3+
0-1

[Event "Big Slow Lazy Tourney -  Italian Style"]
[Site "SchemingMind.com"]
[Date "2019.12.21"]
[Round "-"]
[White "Uzi Mike"]
[Black "Kenny Elliott"]
[Result "1-0"]
[WhiteCountry "USA"]
[BlackCountry "USA"]
[WhiteElo "2311"]
[WhiteRD "92"]
[BlackElo "1625"]
[BlackRD "68"]
[GameID "449362"]

1. e4 e5 2. Nf3 Nc6 3. Bc4 Be7 4. d4 d6 5. dxe5 dxe5 6. Qxd8+ Bxd8 7. Nc3 Nf6 8. Be3 O-O 9. Bc5 Re8 10. Ng5 Be6
11. Nxe6 fxe6 12. Bb5 Be7 13. Bxc6 bxc6 14. Bxe7 Rxe7 15. O-O-O Ng4 16. Rd2 Rf7 17. f3 Ne3 18. b3 Nxg2 19. Rxg2 Rxf3 20. Na4 Re3
21. Nc5 Kf7 22. Rf1+ Ke7 23. Rxg7+ Kd6 24. Nb7#
1-0

[Event "Big Slow Lazy Tourney -  Italian Style"]
[Site "SchemingMind.com"]
[Date "2019.12.23"]
[Round "-"]
[White "Kenny Elliott"]
[Black "Cheesemaster"]
[Result "1-0"]
[WhiteCountry "USA"]
[BlackCountry "CAN"]
[WhiteElo "1589"]
[WhiteRD "69"]
[BlackElo "1139"]
[BlackRD "97"]
[GameID "449463"]

1. e4 e5 2. Nf3 Nc6 3. Bc4 Be7 4. Nc3 Nf6 5. O-O O-O 6. d3 d6 7. h3 a6 8. Bg5 Be6 9. Bxe6 fxe6 10. Bxf6 Bxf6
11. a3
1-0

[Event "Big Slow Lazy Tourney -  Italian Style"]
[Site "SchemingMind.com"]
[Date "2019.12.23"]
[Round "-"]
[White "Phillip Beckett"]
[Black "Cheesemaster"]
[Result "1-0"]
[WhiteCountry "ENG"]
[BlackCountry "CAN"]
[WhiteElo "1546"]
[WhiteRD "51"]
[BlackElo "1139"]
[BlackRD "97"]
[GameID "449464"]

1. e4 e5 2. Nf3 Nc6 3. Bc4 Be7 4. d4 d6 5. dxe5 Nxe5 6. Nxe5 dxe5 7. Qxd8+ Bxd8 8. O-O Ne7 9. Nc3 c6 10. Bg5 O-O
11. f3 Kh8 12. Rad1
1-0

[Event "Big Slow Lazy Tourney -  Italian Style"]
[Site "SchemingMind.com"]
[Date "2019.12.25"]
[Round "-"]
[White "Chessibelle"]
[Black "Kenny Elliott"]
[Result "0-1"]
[WhiteCountry "ENG"]
[BlackCountry "USA"]
[WhiteElo "1178"]
[WhiteRD "53"]
[BlackElo "1629"]
[BlackRD "68"]
[GameID "449537"]

1. e4 e5 2. Nf3 Nc6 3. Bc4 Be7 4. c3 Nf6 5. g3 Nxe4 6. d3 Nd6 7. Be3 Nxc4 8. dxc4 d6 9. Nbd2 Bg4 10. O-O f5
11. Qc2 O-O 12. b4 f4 13. Rfe1 fxe3 14. fxe3 Bxf3 15. Rf1 e4 16. c5 dxc5 17. Nxe4 Bxe4 18. Qxe4 Bf6 19. Rf5 cxb4 20. Qg4 Bxc3
21. Raf1 Rxf5 22. Rxf5 Qd3 23. Rf3 Ne5 24. Qe6+ Kh8 25. Rf4 Nf3+ 26. Rxf3 Qd1+ 27. Kg2 Be1 28. Rf4 Qd2+ 29. Kh3 Bf2 30. Rg4 Qxe3
31. Qf7 Qh6+ 32. Kg2 Bc5 33. Qxc7 b6 34. Qb7 Rg8 35. Re4 Qd2+ 36. Kh3 Qxa2 37. Rh4 Qe6+ 38. Kg2 b3 39. Qf3 b2 40. Qd3 h6
41. g4 Qa2 42. g5 b1=Q+
0-1

[Event "Big Slow Lazy Tourney -  Italian Style"]
[Site "SchemingMind.com"]
[Date "2019.12.26"]
[Round "-"]
[White "Chessibelle"]
[Black "Phillip Beckett"]
[Result "0-1"]
[WhiteCountry "ENG"]
[BlackCountry "ENG"]
[WhiteElo "1178"]
[WhiteRD "53"]
[BlackElo "1533"]
[BlackRD "50"]
[GameID "449538"]

1. e4 e5 2. Nf3 Nc6 3. Bc4 Be7 4. c3 Nf6 5. Bd3 d6 6. O-O O-O 7. g3 h6 8. Bc2 Nh7 9. d3 Bg4 10. Nbd2 Ng5
11. a3 Nxf3+ 12. Nxf3 f5 13. b4 a6 14. d4 fxe4 15. Bxe4 exd4 16. cxd4 Bxf3 17. Bxf3 Bg5 18. Bb2 Qc8 19. d5 Ne5 20. Be4 Qh3
21. Qd4 Bf6 22. Qd2 Ng4 23. f4 Bxb2 24. Qxb2 Rae8 25. Bb1 Re3 26. Qc2 Nf6 27. Ra2 Rfe8 28. Qc4 Re1 29. Bd3 Ng4 30. Rd2 R1e7
31. Bc2 Nf6 32. Qd3 Re3 33. Qc4 R8e7 34. Bb1 Ne4 35. Qd4 Nxg3 36. Rff2 Re1+ 37. Rf1 Rxf1#
0-1

[Event "Big Slow Lazy Tourney -  Italian Style"]
[Site "SchemingMind.com"]
[Date "2019.12.29"]
[Round "-"]
[White "Chessibelle"]
[Black "Uzi Mike"]
[Result "0-1"]
[WhiteCountry "ENG"]
[BlackCountry "USA"]
[WhiteElo "1144"]
[WhiteRD "53"]
[BlackElo "2311"]
[BlackRD "92"]
[GameID "449539"]

1. e4 e5 2. Nf3 Nc6 3. Bc4 Be7 4. c3 Nf6 5. O-O Nxe4 6. Qe2 d5 7. Bb3 Bg4 8. d3 Nc5 9. Re1 e4 10. dxe4 dxe4
11. Qc4 Be6 12. Qb5 exf3 13. g3 a6 14. Qf1 Bxb3 15. Nd2 Be6 16. Nxf3 Qd5 17. Nd2 Nd3 18. Re2 O-O-O 19. c4 Qh5 20. Re3 Nxc1
21. Rxc1 Rxd2 22. b3 Bc5 23. Qe1 Bxe3 24. Qxe3 Bh3 25. f3 Nd4 26. Re1 Nxf3+
0-1

[Event "Big Slow Lazy Tourney -  Italian Style"]
[Site "SchemingMind.com"]
[Date "2020.01.03"]
[Round "-"]
[White "Juan Jose Rivas Maceda"]
[Black "Kenny Elliott"]
[Result "1-0"]
[WhiteCountry "PER"]
[BlackCountry "USA"]
[WhiteElo "2548"]
[WhiteRD "93"]
[BlackElo "1629"]
[BlackRD "68"]
[GameID "449844"]

1. e4 e5 2. Nf3 Nc6 3. Bc4 Be7 4. d4 exd4 5. O-O d6 6. Nxd4 Nxd4 7. Qxd4 Bf6 8. Qd5 Be6 9. Qb5+ c6 10. Qxb7 Bxc4
11. Qxc6+ Kf8 12. Qxc4 Rb8 13. Na3 Bxb2 14. Bxb2 Rxb2 15. Rfd1 Rb6 16. Nb5 Nf6 17. e5 d5 18. exf6 Rxf6 19. Rxd5 Qb6 20. Qc8+ Ke7
21. Rd7+ Ke6 22. Re1+ Kf5 23. Rd5+ Kg6 24. Qg4+ Kh6 25. Rh5#
1-0

[Event "Big Slow Lazy Tourney -  Italian Style"]
[Site "SchemingMind.com"]
[Date "2020.01.02"]
[Round "-"]
[White "Phillip Beckett"]
[Black "Juan Jose Rivas Maceda"]
[Result "0-1"]
[WhiteCountry "ENG"]
[BlackCountry "PER"]
[WhiteElo "1533"]
[WhiteRD "50"]
[BlackElo "2548"]
[BlackRD "93"]
[GameID "449845"]

1. e4 e5 2. Nf3 Nc6 3. Bc4 Be7 4. d4 d6 5. dxe5 dxe5 6. Qxd8+ Bxd8 7. O-O Be7 8. c3 Nf6 9. Bd3 Be6 10. Bc2 a5
11. Nbd2 Nd7 12. Re1 f6 13. Bb3 Bxb3 14. axb3 Kf7 15. Nc4 Nc5 16. b4 axb4 17. Rxa8 Rxa8 18. Be3 Nxe4 19. Nfd2 Nxd2 20. Nxd2 Ra2
21. Nc4 b5
0-1

[Event "Big Slow Lazy Tourney -  Italian Style"]
[Site "SchemingMind.com"]
[Date "2020.01.07"]
[Round "-"]
[White "Uzi Mike"]
[Black "Juan Jose Rivas Maceda"]
[Result "0-1"]
[WhiteCountry "USA"]
[BlackCountry "PER"]
[WhiteElo "2226"]
[WhiteRD "78"]
[BlackElo "2559"]
[BlackRD "85"]
[GameID "449846"]

1. e4 e5 2. Nf3 Nc6 3. Bc4 Be7 4. Nc3 Nf6 5. d4 Nxe4 6. Nxe4 d5 7. Bb5 dxe4 8. Nxe5 Qd6 9. O-O O-O 10. Bxc6 bxc6
11. Re1 c5 12. Bf4 g5 13. Bd2 f6 14. Nc4 Qe6 15. Qe2 f5 16. d5 Qxd5 17. Na5 Qe6 18. c4 Rb8 19. Rab1 Rb6 20. Nb3 Qh6
21. Rbc1 Re6 22. Rf1 Bd6 23. h3 f4 24. f3 Bb7 25. fxe4 Rxe4 26. Qf3 Qg6 27. Rc3 h5 28. Qf2 g4 29. Na5 Ba8 30. Nc6 Bxc6
0-1

[Event "Big Slow Lazy Tourney -  Italian Style"]
[Site "SchemingMind.com"]
[Date "2020.01.02"]
[Round "-"]
[White "Chessibelle"]
[Black "Juan Jose Rivas Maceda"]
[Result "0-1"]
[WhiteCountry "ENG"]
[BlackCountry "PER"]
[WhiteElo "1178"]
[WhiteRD "53"]
[BlackElo "2548"]
[BlackRD "93"]
[GameID "449847"]

1. e4 e5 2. Nf3 Nc6 3. Bc4 Be7 4. O-O Nf6 5. Ng5 O-O 6. b3 h6 7. Nh3 Nxe4 8. g3 d5 9. Be2 Bxh3 10. Re1 Bc5
11. Kh1 Nxf2+
0-1

[Event "Big Slow Lazy Tourney -  Italian Style"]
[Site "SchemingMind.com"]
[Date "2020.01.12"]
[Round "-"]
[White "Juan Jose Rivas Maceda"]
[Black "krzysztof.konkowski"]
[Result "1-0"]
[WhiteCountry "PER"]
[BlackCountry "POL"]
[WhiteElo "2535"]
[WhiteRD "82"]
[BlackElo "1800"]
[BlackRD "144"]
[GameID "450145"]

1. e4 e5 2. Nf3 Nc6 3. Bc4 Be7 4. d4 exd4 5. O-O Nf6 6. Nxd4 O-O 7. Nc3 Bc5 8. Nb3 b5 9. Bxb5 Bb6 10. Bg5 h6
11. Bh4 a6 12. Ba4 g5 13. Bg3 Ne7 14. Qf3 Nh7 15. e5 Rb8 16. Ne4 Bb7 17. c4 d5 18. exd6 f5 19. Qe2 Bxe4 20. dxe7 Qxe7
21. c5 Ba7 22. f3 Qe6 23. fxe4 Rb4 24. Qd1 Rxa4 25. exf5 Qc6 26. Bf2 Re4 27. Qh5 Rf6 28. Rae1 Nf8 29. Nd4 Rxd4 30. Bxd4 Bxc5
31. Bxc5 Qxc5+ 32. Kh1 Qd4 33. Qe2
1-0

[Event "Big Slow Lazy Tourney -  Italian Style"]
[Site "SchemingMind.com"]
[Date "2020.01.12"]
[Round "-"]
[White "Kenny Elliott"]
[Black "krzysztof.konkowski"]
[Result "0-1"]
[WhiteCountry "USA"]
[BlackCountry "POL"]
[WhiteElo "1589"]
[WhiteRD "69"]
[BlackElo "1849"]
[BlackRD "148"]
[GameID "450146"]

1. e4 e5 2. Nf3 Nc6 3. Bc4 Be7 4. d4 exd4 5. Nxd4 Nf6 6. Nxc6 bxc6 7. e5 Ne4 8. Nd2 Nc5 9. Qf3 O-O 10. Ne4 Nxe4
11. Qxe4 Bb4+ 12. c3 d5 13. Bxd5 Bxc3+ 14. bxc3 cxd5 15. Qd4 Ba6 16. Ba3 Re8 17. O-O-O Rb8 18. Bb2 Bc4 19. Kb1 Qc8 20. f4 Qa6
21. Rc1 Rxb2+ 22. Kxb2 Qxa2#
0-1

[Event "Big Slow Lazy Tourney -  Italian Style"]
[Site "SchemingMind.com"]
[Date "2020.01.12"]
[Round "-"]
[White "Phillip Beckett"]
[Black "krzysztof.konkowski"]
[Result "0-1"]
[WhiteCountry "ENG"]
[BlackCountry "POL"]
[WhiteElo "1546"]
[WhiteRD "51"]
[BlackElo "1849"]
[BlackRD "148"]
[GameID "450147"]

1. e4 e5 2. Nf3 Nc6 3. Bc4 Be7 4. c3 Nf6 5. O-O Nxe4 6. Re1 d5 7. Bb5 f6 8. Bxc6+ bxc6 9. d3 Nd6 10. Nbd2 Bf5
11. Nf1 O-O 12. Ng3 Bd7 13. h3 Re8 14. Be3 Nf7 15. Qc2 f5 16. Nf1 e4 17. dxe4 fxe4 18. Nd4 Ne5 19. Ng3 Rf8 20. Bf4 Rxf4
21. Qd2 Bg5 22. Qc2 Bh4 23. Nde2 Rf7 24. Rf1 Qg5 25. Qc1 Qg6 26. Nf4 Qd6 27. Nfe2 Raf8 28. Qd2 Qg6 29. Nh1 Nf3#
0-1

[Event "Big Slow Lazy Tourney -  Italian Style"]
[Site "SchemingMind.com"]
[Date "2020.01.11"]
[Round "-"]
[White "krzysztof.konkowski"]
[Black "Chessibelle"]
[Result "1-0"]
[WhiteCountry "POL"]
[BlackCountry "ENG"]
[WhiteElo "1722"]
[WhiteRD "209"]
[BlackElo "1178"]
[BlackRD "53"]
[GameID "450149"]

1. e4 e5 2. Nf3 Nc6 3. Bc4 Be7 4. d4 Nf6 5. dxe5 Nxe4 6. Qd4 Nxd4 7. Nxd4 d6 8. exd6 Qxd6 9. c3 Qf6 10. O-O Bd6
11. Nd2 Qg6 12. Re1 O-O 13. Nxe4 Be5 14. Nf3 Bh3 15. Nfg5 Bg4 16. Nxf7 Bxh2+ 17. Kxh2 Bd7 18. Ne5+
1-0

[Event "Big Slow Lazy Tourney -  Italian Style"]
[Site "SchemingMind.com"]
[Date "2020.01.12"]
[Round "-"]
[White "Carl Lenox"]
[Black "Juan Jose Rivas Maceda"]
[Result "0-1"]
[WhiteCountry "CAN"]
[BlackCountry "PER"]
[WhiteElo "1247"]
[WhiteRD "73"]
[BlackElo "2548"]
[BlackRD "93"]
[GameID "450152"]

1. e4 e5 2. Nf3 Nc6 3. Bc4 Be7 4. O-O Nf6 5. Re1 Nxe4 6. Rxe4 d5 7. Bxd5 Qxd5 8. Re3 Bg4 9. Qe1 Bxf3 10. Rxf3 Nd4
11. Qd1 Nxf3+ 12. Qxf3 Qxf3 13. gxf3 O-O-O 14. d3 Rhe8 15. a3 f5 16. Nc3 Bf6 17. f4 e4 18. dxe4 Bxc3 19. Be3 Bxb2 20. Re1 Rxe4
0-1

[Event "Big Slow Lazy Tourney -  Italian Style"]
[Site "SchemingMind.com"]
[Date "2020.01.12"]
[Round "-"]
[White "Carl Lenox"]
[Black "Kenny Elliott"]
[Result "0-1"]
[WhiteCountry "CAN"]
[BlackCountry "USA"]
[WhiteElo "1247"]
[WhiteRD "73"]
[BlackElo "1629"]
[BlackRD "68"]
[GameID "450153"]

1. e4 e5 2. Nf3 Nc6 3. Bc4 Be7 4. O-O Nf6 5. Nc3 d6 6. Ng5 O-O 7. Re1 Nxe4 8. Ngxe4 Kh8 9. a3 f5 10. Ng3 f4
11. Nge4 f3 12. b4 Nd4 13. Bb2 fxg2 14. Nd5 Nf3+ 15. Kxg2 Nxe1+ 16. Qxe1 Bh4 17. d4 Qe8 18. Nxc7 Qg6+ 19. Ng3 Rb8 20. c3 e4
21. Bc1 Qg4 22. Be2 Qh3+ 23. Kh1 Bxg3 24. fxg3 Bg4 25. Nd5 Bxe2 26. Nf4 Rxf4
0-1

[Event "Big Slow Lazy Tourney -  Italian Style"]
[Site "SchemingMind.com"]
[Date "2020.01.12"]
[Round "-"]
[White "krzysztof.konkowski"]
[Black "Carl Lenox"]
[Result "1-0"]
[WhiteCountry "POL"]
[BlackCountry "CAN"]
[WhiteElo "1849"]
[WhiteRD "148"]
[BlackElo "1221"]
[BlackRD "77"]
[GameID "450154"]

1. e4 e5 2. Nf3 Nc6 3. Bc4 Be7 4. d4 f6 5. d5 Nb4 6. a3 Na6 7. O-O Nc5 8. Nh4 Nxe4 9. Qg4 Ng5 10. Qh5+ Nf7
11. d6 Nh6 12. Bxh6 gxh6 13. Qxf7#
1-0

[Event "Big Slow Lazy Tourney -  Italian Style"]
[Site "SchemingMind.com"]
[Date "2020.01.12"]
[Round "-"]
[White "Carl Lenox"]
[Black "Phillip Beckett"]
[Result "0-1"]
[WhiteCountry "CAN"]
[BlackCountry "ENG"]
[WhiteElo "1247"]
[WhiteRD "73"]
[BlackElo "1533"]
[BlackRD "50"]
[GameID "450155"]

1. e4 e5 2. Nf3 Nc6 3. Bc4 Be7 4. O-O Nf6 5. Ng5 O-O 6. Re1 h6 7. Nf3 d6 8. a3 Be6 9. Bxe6 fxe6 10. b4 Nh7
11. d4 exd4 12. Nxd4 Nxd4 13. Qxd4 Bf6 14. Qd3 Bxa1 15. Nc3 Bxc3 16. Qxc3 Qf6 17. Bb2 Qxc3 18. Bxc3 e5 19. Bb2 Ng5 20. c4 Rf7
21. a4 Rf4 22. Re2 Rxe4 23. Rxe4 Nxe4 24. Ba3 Rf8 25. f3 Nd2 26. Bc1 Nxc4
0-1

[Event "Big Slow Lazy Tourney -  Italian Style"]
[Site "SchemingMind.com"]
[Date "2020.01.17"]
[Round "-"]
[White "Carl Lenox"]
[Black "Uzi Mike"]
[Result "0-1"]
[WhiteCountry "CAN"]
[BlackCountry "USA"]
[WhiteElo "1228"]
[WhiteRD "65"]
[BlackElo "2311"]
[BlackRD "92"]
[GameID "450156"]

1. e4 e5 2. Nf3 Nc6 3. Bc4 Be7 4. O-O Nf6 5. Re1 d6 6. a3 Bg4 7. b4 a5 8. Be2 axb4 9. d4 Bxf3 10. Bxf3 Nxd4
11. Nd2 O-O 12. Bb2 bxa3 13. Bxa3 Qd7 14. c3 Nxf3+ 15. Nxf3 Ra5 16. Nd2 Rfa8 17. Qc1 d5
0-1

[Event "Big Slow Lazy Tourney -  Italian Style"]
[Site "SchemingMind.com"]
[Date "2020.01.12"]
[Round "-"]
[White "Carl Lenox"]
[Black "Chessibelle"]
[Result "0-1"]
[WhiteCountry "CAN"]
[BlackCountry "ENG"]
[WhiteElo "1247"]
[WhiteRD "73"]
[BlackElo "1178"]
[BlackRD "53"]
[GameID "450157"]

1. e4 e5 2. Nf3 Nc6 3. Bc4 Be7 4. O-O Nf6 5. d3 O-O 6. Re1 h6 7. d4 Bd6 8. a3 a6 9. d5 Ne7 10. b4 b5
11. Bd3 c6 12. c4 Bc7 13. Bb2 d6 14. Nc3 Ng6 15. dxc6 Nf4 16. Nd5 N4xd5 17. cxd5 Nh5 18. a4 Bg4 19. axb5 a5 20. Bc3 Bb8
21. h3 Bc8 22. Qe2 Nf4 23. Qd2 Qf6 24. b6 Bxh3 25. gxh3 Qg6+ 26. Kf1 Qg2#
0-1

[Event "Big Slow Lazy Tourney -  Italian Style"]
[Site "SchemingMind.com"]
[Date "2020.01.18"]
[Round "-"]
[White "krzysztof.konkowski"]
[Black "chessbaer"]
[Result "0-1"]
[WhiteCountry "POL"]
[BlackCountry "GER"]
[WhiteElo "1800"]
[WhiteRD "144"]
[BlackElo "1985"]
[BlackRD "165"]
[GameID "450247"]

1. e4 e5 2. Nf3 Nc6 3. Bc4 Be7 4. d3 Nf6 5. O-O O-O 6. Re1 a6 7. h3 d6 8. a4 Na5 9. Ba2 c5 10. c3 Bd7
11. b4 cxb4 12. cxb4 Nc6 13. Bd2 b5 14. Bb3 Nd4 15. Nxd4 exd4 16. Na3 bxa4 17. Bxa4 Bxa4
0-1

[Event "Big Slow Lazy Tourney -  Italian Style"]
[Site "SchemingMind.com"]
[Date "2020.01.13"]
[Round "-"]
[White "chessbaer"]
[Black "Phillip Beckett"]
[Result "1-0"]
[WhiteCountry "GER"]
[BlackCountry "ENG"]
[WhiteElo "1921"]
[WhiteRD "271"]
[BlackElo "1533"]
[BlackRD "50"]
[GameID "450248"]

1. e4 e5 2. Nf3 Nc6 3. Bc4 Be7 4. d4 exd4 5. Nxd4 Nxd4 6. Qxd4 d6 7. Qxg7 d5 8. Qxh8 dxc4 9. Qxg8+ Bf8 10. Bh6 Qe7
11. O-O
1-0

[Event "Big Slow Lazy Tourney -  Italian Style"]
[Site "SchemingMind.com"]
[Date "2020.01.14"]
[Round "-"]
[White "Juan Jose Rivas Maceda"]
[Black "chessbaer"]
[Result "1-0"]
[WhiteCountry "PER"]
[BlackCountry "GER"]
[WhiteElo "2565"]
[WhiteRD "92"]
[BlackElo "1776"]
[BlackRD "206"]
[GameID "450249"]

1. e4 e5 2. Nf3 Nc6 3. Bc4 Be7 4. d4 d6 5. d5 Nb4 6. a3 Na6 7. b4 Nf6 8. Nc3 O-O 9. O-O Bg4 10. Qd3 Bxf3
11. Qxf3 Qd7 12. Qe2 Qc8 13. Bxa6 bxa6 14. Qc4 Nd7 15. Be3 Nb6 16. Qd3 Nd7 17. a4 h6 18. f3 Bg5 19. Bf2 c6 20. dxc6 Qxc6
21. b5 axb5 22. axb5 Qb7 23. Ra2 Rfc8 24. Rfa1 Nb6 25. Ra6 Be7 26. Bxb6 axb6 27. Nd5 Bd8 28. c4 Rxa6 29. bxa6 Qa7 30. Kf1 Rc5
31. Nc3
1-0

[Event "Big Slow Lazy Tourney -  Italian Style"]
[Site "SchemingMind.com"]
[Date "2020.01.14"]
[Round "-"]
[White "Kenny Elliott"]
[Black "chessbaer"]
[Result "0-1"]
[WhiteCountry "USA"]
[BlackCountry "GER"]
[WhiteElo "1589"]
[WhiteRD "69"]
[BlackElo "1779"]
[BlackRD "205"]
[GameID "450250"]

1. e4 e5 2. Nf3 Nc6 3. Bc4 Be7 4. d3 Nf6 5. Bg5 O-O 6. O-O d6 7. h3 Na5 8. Nbd2 Nxc4 9. Nxc4 b6 10. a4 Nh5
11. Bxe7 Qxe7 12. Ne3 c6 13. Nd2 Nf4 14. Qf3 f5 15. a5 fxe4 16. dxe4 Nxh3+ 17. Qxh3 Bxh3 18. gxh3 Qg5+ 19. Kh1 Qh4
0-1

[Event "Big Slow Lazy Tourney -  Italian Style"]
[Site "SchemingMind.com"]
[Date "2020.01.13"]
[Round "-"]
[White "chessbaer"]
[Black "Carl Lenox"]
[Result "1-0"]
[WhiteCountry "GER"]
[BlackCountry "CAN"]
[WhiteElo "1921"]
[WhiteRD "271"]
[BlackElo "1247"]
[BlackRD "73"]
[GameID "450251"]

1. e4 e5 2. Nf3 Nc6 3. Bc4 Be7 4. O-O Nf6 5. d3 a6 6. Nc3 O-O 7. Nd5 Bc5 8. Bg5 Nd4 9. Nxd4 Bxd4 10. c3 Ba7
11. Qf3 b5 12. Nxf6+ gxf6 13. Bxf6
1-0

[Event "Big Slow Lazy Tourney -  Italian Style"]
[Site "SchemingMind.com"]
[Date "2020.01.18"]
[Round "-"]
[White "Uzi Mike"]
[Black "chessbaer"]
[Result "1/2-1/2"]
[WhiteCountry "USA"]
[BlackCountry "GER"]
[WhiteElo "2264"]
[WhiteRD "88"]
[BlackElo "1933"]
[BlackRD "177"]
[GameID "450252"]

1. e4 e5 2. Nf3 Nc6 3. Bc4 Be7 4. d4 exd4 5. Nxd4 Nf6 6. Nxc6 bxc6 7. e5 Nd5 8. Qg4 O-O 9. Bh6 Bf6 10. exf6 Qxf6
11. Qxg7+ Qxg7 12. Bxg7 Kxg7 13. O-O Nb4 14. Na3 d5 15. c3 dxc4 16. cxb4 Be6 17. Rac1 Rab8 18. Nxc4 Rxb4 19. Na5 Rxb2 20. a3 Ra2
21. Nxc6 Rxa3 22. Nd4 a5= 23. Nxe6+ fxe6 24. Rxc7+ Rf7 25. Rc6 Ra7 26. g3 a4 27. Rxe6 Rb3 28. Rfe1 Kf7 29. R6e2 a3 30. Ra2 Rb2
31. Raa1 a2 32. Kg2 Kg6 33. h4 h5= 34. Kg1 Kf5 35. Kg2 Ra4 36. Rec1 Ra5= 37. Kh3 Rxf2 38. Rc8 Rb2 39. Rf1+ Kg6 40. Rc6+ Kh7
41. Rc7+ Kg6 42. Rc6+ Kh7 43. Rc7+ Kg6 44. Rc6+=
1/2-1/2

[Event "Big Slow Lazy Tourney -  Italian Style"]
[Site "SchemingMind.com"]
[Date "2020.01.19"]
[Round "-"]
[White "Juan Jose Rivas Maceda"]
[Black "grabapawn"]
[Result "1-0"]
[WhiteCountry "PER"]
[BlackCountry "USA"]
[WhiteElo "2548"]
[WhiteRD "93"]
[BlackElo "1530"]
[BlackRD "61"]
[GameID "450412"]

1. e4 e5 2. Nf3 Nc6 3. Bc4 Be7 4. d4 exd4 5. O-O h6 6. c3 Nf6 7. cxd4 d6 8. Re1 Bg4 9. Nc3 O-O 10. a3 Kh8
11. b4 g5 12. Bb2 Nh5 13. h3 Be6 14. d5 Bxh3 15. dxc6 Bc8 16. Nxg5 Bxg5 17. Qxh5 Qf6 18. Na4
1-0

[Event "Big Slow Lazy Tourney -  Italian Style"]
[Site "SchemingMind.com"]
[Date "2020.01.19"]
[Round "-"]
[White "Kenny Elliott"]
[Black "grabapawn"]
[Result "0-1"]
[WhiteCountry "USA"]
[BlackCountry "USA"]
[WhiteElo "1589"]
[WhiteRD "69"]
[BlackElo "1507"]
[BlackRD "63"]
[GameID "450413"]

1. e4 e5 2. Nf3 Nc6 3. Bc4 Be7 4. d4 exd4 5. Nxd4 Ne5 6. Bd3 d6 7. b3 Nf6 8. Bb2 Nfg4 9. O-O Bh4 10. Nf5 h5
11. f3 Bxf5 12. exf5 Ne3 13. Qe2 Nxf1 14. Bxe5 dxe5 15. Qxe5+ Kf8 16. Qc5+ Be7 17. Qc4 Ne3 18. Qe4 Bc5 19. Nd2 Ng4+ 20. Kf1 Ne3+
21. Ke2 Nxg2 22. Nc4 Qg5 23. Qe5 Re8 24. Qxe8+ Kxe8
0-1

[Event "Big Slow Lazy Tourney -  Italian Style"]
[Site "SchemingMind.com"]
[Date "2020.01.24"]
[Round "-"]
[White "grabapawn"]
[Black "krzysztof.konkowski"]
[Result "0-1"]
[WhiteCountry "USA"]
[BlackCountry "POL"]
[WhiteElo "1507"]
[WhiteRD "63"]
[BlackElo "1849"]
[BlackRD "148"]
[GameID "450414"]

1. e4 e5 2. Nf3 Nc6 3. Bc4 Be7 4. d4 exd4 5. Bf4 Nf6 6. Ng5 O-O 7. Qf3 d6 8. h3 h6 9. h4 hxg5 10. hxg5 Bg4
11. Qg3 Nh5 12. Qh4 Qd7 13. f3 Bxf3 14. gxf3 g6 15. Nd2 b5 16. Be2 Nb4 17. O-O-O Qc6 18. c3 dxc3
0-1

[Event "Big Slow Lazy Tourney -  Italian Style"]
[Site "SchemingMind.com"]
[Date "2020.01.19"]
[Round "-"]
[White "Phillip Beckett"]
[Black "grabapawn"]
[Result "0-1"]
[WhiteCountry "ENG"]
[BlackCountry "USA"]
[WhiteElo "1533"]
[WhiteRD "50"]
[BlackElo "1530"]
[BlackRD "61"]
[GameID "450416"]

1. e4 e5 2. Nf3 Nc6 3. Bc4 Be7 4. O-O h6 5. d4 exd4 6. Nxd4 Ne5 7. Bb3 Nf6 8. Nf5 Bc5 9. Nxg7+ Kf8 10. Nh5 d6
11. Nc3 Bg4 12. Qe1 Nxh5 13. h3 Qh4 14. Be3 Bxh3 15. gxh3 Nf3+
0-1

[Event "Big Slow Lazy Tourney -  Italian Style"]
[Site "SchemingMind.com"]
[Date "2020.01.24"]
[Round "-"]
[White "Uzi Mike"]
[Black "grabapawn"]
[Result "1-0"]
[WhiteCountry "USA"]
[BlackCountry "USA"]
[WhiteElo "2322"]
[WhiteRD "89"]
[BlackElo "1507"]
[BlackRD "63"]
[GameID "450417"]

1. e4 e5 2. Nf3 Nc6 3. Bc4 Be7 4. d4 d6 5. dxe5 dxe5 6. Qxd8+ Bxd8 7. Be3 Nf6 8. Nc3 Nb4 9. O-O-O Be7 10. Nb5 Bd8
11. Nxe5 O-O 12. Bxf7+ Kh8 13. Bc5
1-0

[Event "Big Slow Lazy Tourney -  Italian Style"]
[Site "SchemingMind.com"]
[Date "2020.01.20"]
[Round "-"]
[White "grabapawn"]
[Black "chessbaer"]
[Result "0-1"]
[WhiteCountry "USA"]
[BlackCountry "GER"]
[WhiteElo "1507"]
[WhiteRD "63"]
[BlackElo "1779"]
[BlackRD "205"]
[GameID "450418"]

1. e4 e5 2. Nf3 Nc6 3. Bc4 Be7 4. d4 exd4 5. Bf4 Nf6 6. Nbd2 d6 7. Ng5 O-O 8. h4 h6 9. Qf3 Bg4 10. Qg3 Qd7
11. f3 Nh5 12. Qf2 Nxf4 13. fxg4 hxg5 14. hxg5 Bxg5 15. Nf3 Qxg4 16. Nxg5 Qxg5 17. g3 Nh5 18. Rd1 Nxg3 19. Rg1 Qa5+ 20. Qd2 Qe5
21. Bd5 Nxe4 22. Bxe4 Qxe4+ 23. Qe2 Qh4+ 24. Kf1 Rfe8 25. Qg2 Qf4+ 26. Qf2 Qh6 27. Rd3 Re3 28. Rxe3 dxe3 29. Qe2 Qf4+ 30. Ke1 Nd4
31. Qg2 Nf3+ 32. Ke2 Nxg1+ 33. Qxg1 Qc4+
0-1